<?xml version="1.0" encoding="UTF-8"?>
<record
    xmlns:xsi="http://www.w3.org/2001/XMLSchema-instance"
    xsi:schemaLocation="http://www.loc.gov/MARC21/slim http://www.loc.gov/standards/marcxml/schema/MARC21slim.xsd"
    xmlns="http://www.loc.gov/MARC21/slim">

  <leader>00859nam a2200241 a 4500</leader>
  <controlfield tag="001">63823</controlfield>
  <controlfield tag="003">BD-RjUL</controlfield>
  <controlfield tag="005">20211209081234.0</controlfield>
  <controlfield tag="008">170204m19721987ko ab         001 0 eng  </controlfield>
  <datafield tag="035" ind1=" " ind2=" ">
    <subfield code="a">(BD-RjUL)63953</subfield>
  </datafield>
  <datafield tag="040" ind1=" " ind2=" ">
    <subfield code="a">DLC</subfield>
    <subfield code="c">DLC</subfield>
    <subfield code="b">eng</subfield>
    <subfield code="d">BD-RjUL</subfield>
  </datafield>
  <datafield tag="041" ind1=" " ind2=" ">
    <subfield code="a">eng</subfield>
  </datafield>
  <datafield tag="082" ind1="0" ind2="0">
    <subfield code="a">915.195</subfield>
    <subfield code="2">23</subfield>
    <subfield code="b">ADP 1987</subfield>
  </datafield>
  <datafield tag="100" ind1="1" ind2=" ">
    <subfield code="a">Adams, Edward Ben,</subfield>
    <subfield code="d">1934-</subfield>
    <subfield code="9">189475</subfield>
  </datafield>
  <datafield tag="245" ind1="1" ind2="0">
    <subfield code="a">Palaces of Seoul :</subfield>
    <subfield code="b">Yi dynasty palaces in Korea's capital city /</subfield>
    <subfield code="c">text and photographs by Edward B. Adams.</subfield>
  </datafield>
  <datafield tag="260" ind1=" " ind2=" ">
    <subfield code="a">Seoul, Korea :</subfield>
    <subfield code="b">Seoul International Pub. House,</subfield>
    <subfield code="c">c1972-1987</subfield>
    <subfield code="g">(1987 printing)</subfield>
  </datafield>
  <datafield tag="300" ind1=" " ind2=" ">
    <subfield code="a">216 p. :</subfield>
    <subfield code="b">ill. ;</subfield>
    <subfield code="c">21 cm.</subfield>
  </datafield>
  <datafield tag="500" ind1=" " ind2=" ">
    <subfield code="a">Includes index.</subfield>
  </datafield>
  <datafield tag="650" ind1=" " ind2="0">
    <subfield code="a">Palaces</subfield>
    <subfield code="z">Korea (South)</subfield>
    <subfield code="z">Seoul.</subfield>
    <subfield code="9">189476</subfield>
  </datafield>
  <datafield tag="650" ind1=" " ind2="0">
    <subfield code="a">Vernacular architecture</subfield>
    <subfield code="z">Korea (South)</subfield>
    <subfield code="z">Seoul.</subfield>
    <subfield code="9">189477</subfield>
  </datafield>
  <datafield tag="651" ind1=" " ind2="0">
    <subfield code="a">Seoul (Korea)</subfield>
    <subfield code="x">Buildings, structures, etc.</subfield>
    <subfield code="9">189478</subfield>
  </datafield>
  <datafield tag="942" ind1=" " ind2=" ">
    <subfield code="2">ddc</subfield>
    <subfield code="c">BK</subfield>
  </datafield>
  <datafield tag="999" ind1=" " ind2=" ">
    <subfield code="c">63823</subfield>
    <subfield code="d">63823</subfield>
  </datafield>
  <datafield tag="952" ind1=" " ind2=" ">
    <subfield code="0">0</subfield>
    <subfield code="1">0</subfield>
    <subfield code="2">ddc</subfield>
    <subfield code="4">0</subfield>
    <subfield code="7">1</subfield>
    <subfield code="8">NFIC</subfield>
    <subfield code="a">RUCL</subfield>
    <subfield code="b">RUCL</subfield>
    <subfield code="c">Reading</subfield>
    <subfield code="d">1996-06-11</subfield>
    <subfield code="e">R.U.C.L.</subfield>
    <subfield code="l">0</subfield>
    <subfield code="o">915.195 ADP 1987</subfield>
    <subfield code="r">2017-02-04 00:00:00</subfield>
    <subfield code="t">C-1</subfield>
    <subfield code="w">2017-02-04</subfield>
    <subfield code="y">BK</subfield>
  </datafield>
</record>
